000 00562nam a2200205 a 4500
005 20240806064119.0
008 991125s1941 mx 000 0 spa u
035 _aUPN01000025337
049 _aCG
050 4 _aBF173 F85
_bR8.3
100 1 _aRuhle-Gerstel
245 1 0 _aFreud y Adler /
_cAlice Ruhle Gerstel.
260 _aMéxico :
_bAtlante,
_c1941.
300 _a70 p.
440 0 _aCuadernos de educación práctica
600 1 4 _aADLER, ALFRED,
_d1870-1937
600 1 4 _aFREUD, SIGMUND,
_d1856-1939
650 4 _aPsicoanálisis
_91572
905 _aLibro
999 _c25337
_d25337